000 00693nam a2200229 u 4500
005 20240924071307.0
008 150507s2001 r 000 0 eng d
020 _a8478645578
035 _aUPN01000203252
049 _aI
050 4 _aPZ74.3
_bB3.34
100 1 _aBabarro González, Xoán,
_d1947-
_935497
245 1 3 _aEl hielo de patinar /
_cXoán Babarro ; il. Carmen Queralt.
260 _aMadrid :
_bCombel,
_c2001.
300 _a24 p. :
_bprincipalmente il. col.
440 0 _aCaballo alado.
_pAl trote
650 4 _aLiteratura infantil
_94445
650 7 _aLibros ilustrados para niños
_2
_921365
700 1 _aQueralt, Carmen,
_eil.
905 _aInfantil
999 _c175353
_d175353